| 000 | 00848cam a22002412 4500 | ||
|---|---|---|---|
| 001 | 0000003386 | ||
| 005 | 20151021151101.0 | ||
| 008 | 070504s xx 000 0 eng d | ||
| 020 | _cKES 400 | ||
| 040 |
_aKABU _cKABU |
||
| 050 | 0 |
_aK1001 _b.O36 1999 |
|
| 100 | 1 |
_aOgola, John Joseph. _@0000148331 |
|
| 245 | 1 | 0 |
_aBusiness law : _bwith an introduction to the Kenya legal system / _cJohn Joseph Ogola. |
| 260 |
_aNairobi : _bFocus Books, _c1999. |
||
| 300 |
_axii, 420 p. ; _c21 cm. |
||
| 650 | 0 |
_aBusiness law _zKenya. _@0000156960 |
|
| 908 | _a070504 | ||
| 950 | _@1 | ||
| 999 |
_c488 _d488 |
||